000 00889nam a2200277 a 4500
001 69283
003 BD-RjUL
005 20211209081852.0
008 170410s1986 nyu 001 0 eng d
020 _a0442227256
035 _a(BD-RjUL)69494
040 _aDNLM/DLC
_cDLC
_dOCL
_dMYG
_beng
041 _aeng
082 _223
_a571.657
_bMIT 1986
245 0 0 _aMitochondrial physiology and pathology /
_cGary Fiskum, editor.
260 _aNew York :
_bVan Nostrand Reinhold,
_cc1986.
300 _axiv, 207 p. ;
_c24 cm.
490 1 _aVan Nostrand Reinhold advanced cell biology series
504 _aIncludes bibliographies and index.
650 0 _aMitochondria.
_9205203
650 0 _aPathology, Cellular.
_9205268
700 1 _aFiskum, Gary.
_9205269
830 0 _aVan Nostrand Reinhold advanced cell biology series.
_9206645
942 _2ddc
_cBK
949 _aMYGS
_b39080004359185
999 _c69283
_d69283